| 000 | 00613nam a2200193 a 4500 | ||
|---|---|---|---|
| 005 | 20210219161957.0 | ||
| 008 | 080922s1961 mx r 000 0 spa d | ||
| 035 | _aUPN01000195460 | ||
| 049 | _aUNE | ||
| 080 | _aDO 341.16: 001 (093.2) 1960 RES 58a. | ||
| 111 | 2 |
_aUNESCO. Consejo Ejecutivo _n(58a : _d1960 : _cParís) |
|
| 245 | 1 | 0 | _aActas resumidas. |
| 260 |
_aParís : _bUNESCO, _c1961. |
||
| 300 | _a22 p. | ||
| 500 | _aIncluye texto en inglés, francés, ruso y español | ||
| 690 | _aAcuerdos - Consejo ejecutivo de la UNESCO | ||
| 690 | _aConsejo ejecutivo de la UNESCO - Acuerdos | ||
| 905 | _aUNESCO | ||
| 999 |
_c167561 _d167561 |
||